[Event "Open International de Cappelle-la-Grand"]
[Site "Cappelle-la-Grande"]
[Date "2014.03.08"]
[Round "9.5"]
[White "Kurajica, Bojan"]
[Black "Sumets, Andrey"]
[Result "0-1"]
[WhiteElo "2505"]
[BlackElo "2628"]
[PlyCount "98"]
[EventDate "2014.??.??"]
[TimeControl "6000+1070"]
[WhiteClock "0:12:00"]
[BlackClock "0:53:04"]

1. d4 d5 2. c4 c6 3. Qc2 Nf6 4. Nf3 dxc4 5. Qxc4 Bf5 6. g3 e6 7. Bg2 Nbd7 8.
O-O Be7 9. Nbd2 O-O 10. Qb3 Qb6 11. Nc4 Qa6 12. Re1 Be4 13. Ncd2 Bd5 14. Qc2 c5
15. e4 Bc6 16. b3 Rac8 17. Qb1 Bb5 18. Bb2 Bd3 19. Qd1 Rfd8 20. d5 exd5 21.
exd5 Nxd5 22. Nc4 Bxc4 23. bxc4 Bf6 24. Qxd5 Bxb2 25. Ng5 Ne5 26. Qxb7 Qxb7 27.
Bxb7 Bxa1 28. Rxa1 Rc7 29. Bd5 h6 30. Ne4 Nxc4 31. Bxc4 Rd4 32. Nf6+ gxf6 33.
Rc1 f5 34. Kg2 f4 35. g4 Kg7 36. Kf3 Kg6 37. h4 f5 38. Rc3 fxg4+ 39. Kxg4 h5+
40. Kf3 Kf6 41. Rc2 a5 42. Rc3 Ke5 43. Rc2 Kd6 44. a3 Rg7 45. Be2 c4 46. Rxc4
Rxc4 47. Bxc4 Ke5 48. a4 Rg4 49. Bb5 Rxh4 0-1

[Event "Open International de Cappelle-la-Grand"]
[Site "Cappelle-la-Grande"]
[Date "2014.03.08"]
[Round "9.6"]
[White "Kovacevic, Aleksandar"]
[Black "Santiago, Yago De Moura"]
[Result "0-1"]
[WhiteElo "2572"]
[BlackElo "2446"]
[PlyCount "62"]
[EventDate "2014.??.??"]
[TimeControl "6000+1320"]
[WhiteClock "0:02:26"]
[BlackClock "0:13:56"]

1. e4 e6 2. d4 d5 3. Nd2 Nc6 4. Ngf3 Nf6 5. e5 Nd7 6. Be2 f6 7. exf6 Qxf6 8.
Nf1 Bd6 9. Ne3 O-O 10. O-O Qg6 11. c3 Nf6 12. Bd3 Qh5 13. Be2 Qg6 14. Re1 Bd7
15. Bd3 Qh5 16. Nf1 Ng4 17. h3 Nxf2 18. Kxf2 e5 19. dxe5 Nxe5 20. Be2 Bxh3 21.
gxh3 Qxh3 22. Be3 Rf5 23. Qxd5+ Kh8 24. Kg1 Rxf3 25. Bxf3 Nxf3+ 26. Kf2 Rf8 27.
Ke2 Qg2+ 28. Kd1 Nxe1 29. Qxg2 Nxg2 30. Ke2 Nxe3 31. Nxe3 g6 0-1

[Event "Open International de Cappelle-la-Grand"]
[Site "Cappelle-la-Grande"]
[Date "2014.03.08"]
[Round "9.7"]
[White "Lagarde, Maxime"]
[Black "Piorun, Kacper"]
[Result "1/2-1/2"]
[WhiteElo "2514"]
[BlackElo "2570"]
[PlyCount "119"]
[EventDate "2014.??.??"]
[TimeControl "6000+1540"]
[WhiteClock "0:24:50"]
[BlackClock "0:27:43"]

1. e4 c6 2. c4 d5 3. exd5 cxd5 4. cxd5 Nf6 5. Nc3 Nxd5 6. Nf3 Nc6 7. Bb5 g6 8.
Qb3 a6 9. Ba4 Nf4 10. d4 Nxg2+ 11. Kf1 b5 12. Nxb5 axb5 13. Bxb5 Bd7 14. Kxg2
Bg7 15. d5 Na5 16. Qa4 Rb8 17. Bxd7+ Qxd7 18. Qxd7+ Kxd7 19. Bf4 Rb5 20. Rac1
Rc8 21. Be5 f6 22. Rxc8 Kxc8 23. Rc1+ Kd8 24. Bd4 Nb7 25. a4 Rb4 26. Ra1 Kc7
27. a5 Nd6 28. Bc3 Rg4+ 29. Kf1 Nb5 30. a6 Kb8 31. Ra5 Nxc3 32. bxc3 f5 33. Rc5
Ra4 34. Rc6 Bf6 35. Re6 Bxc3 36. Rxe7 Rxa6 37. Rxh7 Rd6 38. Re7 Bf6 39. Re1 Kc7
40. Rd1 Kb6 41. Ke2 Kc5 42. Rg1 Bd4 43. Nh4 Ra6 44. Kf3 Ra3+ 45. Kg2 Ra2 46.
Rf1 Ra6 47. Nf3 Bf6 48. Rd1 Rd6 49. Kg3 g5 50. h4 gxh4+ 51. Nxh4 Rxd5 52. Rxd5+
Kxd5 53. Nxf5 Ke6 54. Kg4 Be5 55. Ng3 Kf6 56. Nh5+ Kg6 57. Nf4+ Kf6 58. Ng6
Kxg6 59. f4 Bxf4 60. Kxf4 1/2-1/2

[Event "Open International de Cappelle-la-Grand"]
[Site "Cappelle-la-Grande"]
[Date "2014.03.08"]
[Round "9.8"]
[White "Spraggett, Kevin"]
[Black "Papin, Vasily"]
[Result "1/2-1/2"]
[WhiteElo "2557"]
[BlackElo "2515"]
[PlyCount "48"]
[EventDate "2014.??.??"]
[TimeControl "6000+1300"]
[WhiteClock "0:27:13"]
[BlackClock "0:22:55"]

1. e4 c5 2. Nf3 e6 3. g3 Nc6 4. Bg2 Nf6 5. Qe2 d5 6. exd5 Nxd5 7. O-O Be7 8.
Rd1 Bf6 9. c3 O-O 10. d3 Re8 11. Re1 b6 12. Na3 Bb7 13. Nc4 Qc7 14. a4 Rad8 15.
h4 e5 16. Ng5 g6 17. h5 Bg7 18. hxg6 hxg6 19. Bd2 Nf6 20. Rad1 a6 21. Bc1 b5
22. axb5 axb5 23. Nd2 Na5 24. Nde4 Nb3 1/2-1/2

[Event "Open International de Cappelle-la-Grand"]
[Site "Cappelle-la-Grande"]
[Date "2014.03.08"]
[Round "9.9"]
[White "Andreev, Eduard"]
[Black "Kharitonov, Alexandr"]
[Result "1/2-1/2"]
[WhiteElo "2499"]
[BlackElo "2554"]
[PlyCount "41"]
[EventDate "2014.??.??"]
[TimeControl "6000+105"]
[WhiteClock "1:32:20"]
[BlackClock "1:23:54"]

1. e4 c6 2. d4 d5 3. Nc3 dxe4 4. Nxe4 Bf5 5. Ng3 Bg6 6. h4 h6 7. Nf3 Nd7 8. h5
Bh7 9. Bd3 Bxd3 10. Qxd3 e6 11. Bf4 Bb4+ 12. c3 Be7 13. O-O-O Ngf6 14. Kb1 O-O
15. Ne5 Qa5 16. Nxd7 Nxd7 17. Ne4 Nf6 18. Be5 Nd7 19. Bf4 Nf6 20. Be5 Nd7 21.
Bf4 1/2-1/2

[Event "Open International de Cappelle-la-Grand"]
[Site "Cappelle-la-Grande"]
[Date "2014.03.08"]
[Round "9.10"]
[White "Szabo, Gergely-Andras-Gyul"]
[Black "Manolache, Marius"]
[Result "0-1"]
[WhiteElo "2551"]
[BlackElo "2495"]
[PlyCount "58"]
[EventDate "2014.??.??"]
[TimeControl "6000+1175"]
[WhiteClock "0:05:06"]
[BlackClock "0:09:53"]

1. e4 d6 2. d4 Nf6 3. Nc3 g6 4. f4 Bg7 5. Nf3 O-O 6. Bd3 Nc6 7. e5 dxe5 8. fxe5
Nh5 9. Be3 Bg4 10. Be2 f6 11. exf6 exf6 12. Qd2 Ne7 13. O-O-O Nf5 14. Bc4+ Kh8
15. Be6 Bxf3 16. gxf3 Nxe3 17. Qxe3 Qd6 18. d5 a6 19. Kb1 f5 20. Ne2 Rad8 21.
c4 Rfe8 22. Nd4 Qe7 23. Rhg1 Qf6 24. Rd2 Rd6 25. f4 c6 26. Qa3 Rdd8 27. Qf3 c5
28. Nxf5 Rxe6 29. Nxg7 Nxg7 0-1

[Event "Open International de Cappelle-la-Grand"]
[Site "Cappelle-la-Grande"]
[Date "2014.03.08"]
[Round "9.11"]
[White "Gao, Rui"]
[Black "Miezis, Normunds"]
[Result "1/2-1/2"]
[WhiteElo "2468"]
[BlackElo "2548"]
[PlyCount "73"]
[EventDate "2014.??.??"]
[TimeControl "6000+1120"]
[WhiteClock "0:10:56"]
[BlackClock "0:07:52"]

1. e4 c5 2. Nf3 e6 3. d4 cxd4 4. Nxd4 a6 5. Nc3 Qc7 6. Bd3 Nc6 7. Nxc6 dxc6 8.
O-O e5 9. Be3 Nf6 10. Na4 Nd7 11. c4 b5 12. cxb5 axb5 13. Nc3 Be7 14. Qc2 Qb7
15. a4 bxa4 16. Nxa4 O-O 17. Rfc1 Rd8 18. Qxc6 Qxc6 19. Rxc6 Nf6 20. Bc2 Bd7
21. Rc7 Bd6 22. Ra7 Rab8 23. Rd1 Bxa4 24. Rxa4 Ng4 25. Ba7 Rxb2 26. Rc4 g6 27.
h3 Nf6 28. Bc5 Ne8 29. Ba4 Rc8 30. Rdc1 Bxc5 31. Rxc5 Rxc5 32. Rxc5 Nf6 33.
Rxe5 Rb4 34. Bc6 Rc4 35. Bb7 Rb4 36. Bc6 Rc4 37. Bb7 1/2-1/2

[Event "Open International de Cappelle-la-Grand"]
[Site "Cappelle-la-Grande"]
[Date "2014.03.08"]
[Round "9.12"]
[White "Chabanon, Jean-Luc"]
[Black "Heberla, Bartlomiej"]
[Result "1/2-1/2"]
[WhiteElo "2479"]
[BlackElo "2544"]
[PlyCount "40"]
[EventDate "2014.??.??"]
[TimeControl "6000+535"]
[WhiteClock "1:10:03"]
[BlackClock "1:20:45"]

1. d4 d5 2. c4 c6 3. Nf3 Nf6 4. e3 g6 5. Nc3 Bg7 6. Bd3 O-O 7. O-O dxc4 8. Bxc4
Bg4 9. h3 Bxf3 10. Qxf3 Nbd7 11. Rd1 e5 12. d5 e4 13. Nxe4 Nxe4 14. Qxe4 Nb6
15. Bb3 Nxd5 16. Bxd5 cxd5 17. Rxd5 Qb6 18. Qd3 Rad8 19. e4 Bd4 20. Be3 Bxe3
1/2-1/2